Estudio y Comprensión de la Sociedad 8º Básico: guía didáctica para el profesor

Gardado en:
Detalles Bibliográficos
Main Authors: Giadrosic Reyes, Georgina (Author), León Hulaud, Michelle (Author), Avilés Caniuñir, Marcos (Author)
Formato: Libro
Idioma:Lingua castelá
Publicado: Santiago Mare Nostrum 2007
Edición:1a. ed
Subjects:
Tags: Engadir etiqueta
Sen Etiquetas, Sexa o primeiro en etiquetar este rexistro!

MARC

LEADER 00000nam a2200000 a 4500
001 UCI7848
003 CL-VaPUC
008 080725e20070000CL |||||||||||||||||spa|d
020 |a 956241833 
082 0 4 |a 372.83  |b GIA  |2 21 
100 |a Giadrosic Reyes, Georgina  |e author  |9 593448 
700 |a León Hulaud, Michelle  |e author  |9 544338 
700 0 |a Avilés Caniuñir, Marcos  |e author  |9 531195 
245 1 0 |a Estudio y Comprensión de la Sociedad 8º Básico: guía didáctica para el profesor 
250 |a 1a. ed 
300 |a 94+200 p 
942 |c BK 
945 |d 20080725 00:00:00  |a jtorresc 
260 |a Santiago  |b Mare Nostrum  |c 2007 
500 |a Incluye Texto para el Estudiante 
650 0 |a Ciencias sociales   |9 256351 
650 0 |a Educación básica   |9 224933 
650 0 |a Métodos de enseñanza  |9 270413 
650 0 |a Libros de texto  |9 270019 
583 |a last modification  |c 20180314 11:33:09  |k Rodrigo Vera 
999 |c 330977  |d 330975 
952 |0 0  |1 0  |4 0  |6 372_830000000000000_GIA_2007  |7 0  |8 A  |9 417009  |a BIBEDU  |b BIBEDU  |d 2019-11-22  |i 4462580  |o 372.83 GIA 2007  |p 4462580  |r 2019-11-22  |w 2019-11-22  |y BK  |k EDU